LDR 00780naa#a2200181#i#450# 001 EN\\bibl\119157 005 20260512211410.2 011 ## _a2712-9233 100 ## _a20260331b2026####ek#y0engy0150####ca 102 ## _aRU 200 1# _aThe challenges of creating smart assistants for the needs of the fire service _eJournal article 210 1# _aZheleznogorsk _cFSBEE HE Siberian Fire and Rescue Academy EMERCOM of Russia _d2026 215 ## _a5 с. 608 ## _aJournal article _2local 675 ## _aНосители вводимых и выводимых данных. Запоминающие среды. 004.08 _aПожарная охрана. Опасность пожара. Пожары. 614.84 _z 700 #1 _aShamsudinov _gGleb Yur'evich 700 #1 _aTovarnov _gP A 856 4# _aapbt-sibpsa.editorum.ru _u